Nicaragua: aproximación al estudio del carácter de la revolución y la naturaleza del Estado 1979-1981 /
Ponencia que forma parte de una investigación sobre el estado y la lucha de clases en Nicaragua entre 1979 y 1981 - Estudia la concepción de los clásicos del marxismo sobre el problema de la transición al comunismo y/o al socialismo, a efecto de conocer las leyes y tendencias fundamentales del trans...
Uloženo v:
| Hlavní autor: | |
|---|---|
| Korporativní autor: | |
| Další autoři: | |
| Médium: | Text |
| Vydáno: |
San José:
CSUCA
|
| Tagy: |
Přidat tag
Žádné tagy, Buďte první, kdo vytvoří štítek k tomuto záznamu!
|
MARC
| LEADER | 00000 a a2200000 04500 | ||
|---|---|---|---|
| 001 | 20568 | ||
| 003 | |||
| 040 | |||
| 090 | |a 086600 | ||
| 100 | |a Sarti, Carlos A. | ||
| 110 | |a CSUCA. Programa Centroamericano de Ciencias Sociales | ||
| 245 | |a Nicaragua: aproximación al estudio del carácter de la revolución y la naturaleza del Estado 1979-1981 / |c Carlos A. Sarti | ||
| 260 | |a San José: |b CSUCA | ||
| 300 | |a 33 p. | ||
| 520 | |a Ponencia que forma parte de una investigación sobre el estado y la lucha de clases en Nicaragua entre 1979 y 1981 - Estudia la concepción de los clásicos del marxismo sobre el problema de la transición al comunismo y/o al socialismo, a efecto de conocer las leyes y tendencias fundamentales del transito del capitalismo al socialismo, las formas en que se manifestaron esas leyes y los planteamientos político - estratégicos que posibilitaron el cambio revolucionario. Hace una aproximación al estudio de la realidad nicaragüense, al carácter de la revolución y a la naturaleza del nuevo estado. Señala que el presente trabajo esta construido desde una perspectiva generalizada que permita, próximamente, comprobar o rechazar algunos planteamientos que se hace | ||
| 700 | |a Godoy Blanco, Julio Cesar | ||
| 999 | |c 13912 |d 13912 | ||
